Weiter zum Inhalt

Системообразующие связи ландшафтов Западного и Центрального Кавказа: геохимический подход монография

В монографии описаны основные геохимические характеристики компонентов среднегорных и высокогорных ландшафтов Центрального и Западного Кавказа, рассматривающие парные, многофакторные корреляционные и биоэкосистемные связи на примере фациальных геосистем с использованием разных видов моделей. Приведе...

Ausführliche Beschreibung

Gespeichert in:
Bibliographische Detailangaben
1. Verfasser: Сивоконь Ю. В.
Weitere Verfasser: Шальнев В. А.
Format: Книга
Sprache:Russian
Veröffentlicht: Ставрополь СКФУ 2016
Online Zugang:https://e.lanbook.com/book/155521
https://e.lanbook.com/img/cover/book/155521.jpg
Tags: Tag hinzufügen
Keine Tags, Fügen Sie den ersten Tag hinzu!
LEADER 02400nam0a2200277 i 4500
001 155521
003 RuSpLAN
005 20221220174107.0
008 221220s2016 ru gs 000 0 rus
020 |a 978-509296-0832-2 
040 |a RuSpLAN 
041 0 |a rus 
044 |a ru 
080 |a 911.52 (234.9) 
084 |a 26.82 (531)  |2 rubbk 
245 0 0 |a Системообразующие связи ландшафтов Западного и Центрального Кавказа: геохимический подход  |b монография  |c Сивоконь Ю. В.,Шальнев В. А. 
260 |a Ставрополь  |b СКФУ  |c 2016 
300 |a 128 с. 
504 |a Библиогр.: доступна в карточке книги, на сайте ЭБС Лань 
520 8 |a В монографии описаны основные геохимические характеристики компонентов среднегорных и высокогорных ландшафтов Центрального и Западного Кавказа, рассматривающие парные, многофакторные корреляционные и биоэкосистемные связи на примере фациальных геосистем с использованием разных видов моделей. Приведены изменения геохимических показателей сопряженных катенных рядов высотных геоботанических поясов. Особое внимание уделено таким понятиям как геохимические условия и геохимическая среда. Адресовано научным работникам, преподавателям, аспирантам и студентам географических специальностей вузов, а также всем интересующимся природой горных ландшафтов Большого Кавказа. 
521 8 |a Книга из коллекции СКФУ - Инженерно-технические науки 
100 1 |a Сивоконь Ю. В. 
700 1 |a Шальнев В. А. 
856 4 |u https://e.lanbook.com/book/155521 
856 4 8 |u https://e.lanbook.com/img/cover/book/155521.jpg 
953 |a https://e.lanbook.com/img/cover/book/155521.jpg 
Cannot write session to /tmp/vufind_sessions/sess_pir76oj5ai16nkn1t39c1hvfo4